Diseño estructural de la red nacional de información agropecuaria

में बचाया:
ग्रंथसूची विवरण
निगमित लेखक: Costa Rica. Secretaría Ejecutiva de Planificación Sectorial de Desarrollo Agropecuario y de Recursos Naturales Renovables
स्वरूप: मूलपाठ
प्रकाशित: San José: Editorial IICA
विषय:
टैग: टैग जोड़ें
कोई टैग नहीं, इस रिकॉर्ड को टैग करने वाले पहले व्यक्ति बनें!

MARC

LEADER 00000 a a2200000 04500
001 14242
003
040
090 |a 021900  
110 |a Costa Rica. Secretaría Ejecutiva de Planificación Sectorial de Desarrollo Agropecuario y de Recursos Naturales Renovables  
245 |a Diseño estructural de la red nacional de información agropecuaria  
260 |a San José:   |b Editorial IICA  
300 |a 5; 66 p.  
650 |a SERVICIOS DE INFORMACION  
650 |a SECTOR AGROPECUARIO  
999 |c 8083  |d 8083